| 000 | 00510nam a2200193Ia 4500 | ||
|---|---|---|---|
| 008 | 151119s9999||||xx |||||||||||||| ||und|| | ||
| 082 | _a181.4 | ||
| 082 | _bGKKV12092 | ||
| 100 | _aजोशी ज वा | ||
| 245 | _aसाधना संहिता | ||
| 260 | _a-- | ||
| 260 | _b-- | ||
| 260 | _c0 | ||
| 600 | _aजोशी ज वा | ||
| 630 | _aसाधना संहिता | ||
| 700 | _aजोशी ज वा | ||
| 730 | _aसाधना संहिता | ||
| 942 | _cBOOK | ||
| 999 |
_c1065986 _d1065983 |
||